LEADER 01993nam2-2200553li-450 001 990000102720203316 005 20200406121810.0 010 $a0-201-03822-6 035 $a0010272 035 $aUSA010010272 035 $a(ALEPH)000010272USA01 035 $a0010272 100 $a2001994021969-------y0itay0103----ba 101 0 $aeng 102 $aUS 200 1 $a<> Seminumerical algorithms$fDonald E. Knuth 210 $aReading (Mass.) etc.$bAddison-Wesley$d1969 215 $aXI, 624 p.$d25 cm 225 2$aAddison-Wesley series in computer science and information processing 410 1$12001$aAddison-Wesley series in computer science and information processing 461 0$10010018208$12001$a<> art of computer programming 606 0$aElaboratori$xProgrammazione$2BNCF 676 $a005.1 700 1$aKNUTH,$bDonald E.$048274 801 $aIT$bsalbc$gISBD 912 $a990000102720203316 951 $a001.6 AWC 2 (A)$b52/CBS$c001.6$d00105100 951 $a001.6 AWC 2 (B)$b977/CBS$c001.6$d00329060 951 $a001.6 AWC 2 (C)$b4715/CBS$c001.6$d00329063 951 $a001.6 AWC 2 (D)$b4785/CBS$c001.6$d00329064 951 $a001.6 AWC 2 (E)$b7428/CBS$c001.6$d00329066 959 $aBK 979 $c19940217 979 $c20001110$lUSA01$h1710 979 $aALANDI$b90$c20010215$lUSA01$h1130 979 $aALANDI$b90$c20010215$lUSA01$h1133 979 $aALANDI$b90$c20010215$lUSA01$h1146 979 $aALANDI$b90$c20010215$lUSA01$h1149 979 $aALANDI$b90$c20010215$lUSA01$h1152 979 $c20020403$lUSA01$h1617 979 $aPATRY$b90$c20040406$lUSA01$h1608 979 $aRSIAV6$b90$c20091113$lUSA01$h0938 979 $aRSIAV6$b90$c20091113$lUSA01$h0943 979 $aRSIAV6$b90$c20091113$lUSA01$h0944 979 $aRSIAV6$b90$c20091113$lUSA01$h0945 979 $aRSIAV6$b90$c20091113$lUSA01$h0946 979 $aPATRY$b90$c20160805$lUSA01$h1017 996 $aSeminumerical algorithms$9355282 997 $aUNISA